Paredes de mampostería: proceso constructivo y listas de verificación

Guardat en:
Dades bibliogràfiques
Autor principal: Mendoza Mata, Francisco Alberto
Format: Llibre
Idioma:Spanish
Publicat: [San José], Costa Rica 2014
Matèries:
Etiquetes: Afegir etiqueta
Sense etiquetes, Sigues el primer a etiquetar aquest registre!

MARC

LEADER 00000nam a22000007a 4500
003 011911
005 20221231143901.0
008 150316b2014 cr a|||| |||| 00| 0 spa d
040 |c cru CEDI  
090 |a TFG 7077 
100 |9 476  |a Mendoza Mata, Francisco Alberto  
245 |a  Paredes de mampostería: proceso constructivo y listas de verificación  
260 |a [San José], Costa Rica  |c  2014 
500 |a Tesis (licenciatura en ingeniería civil)--Universidad de Costa Rica. Facultad de Ingeniería. Escuela de Ingeniería Civil 
650 |x MAMPOSTERIA DE HORMIGON   |x  MATERIALES DE CONSTRUCCION  |x  ARGAMASA  |x BLOQUES DE HORMIGON   |x MUROS DE HORMIGON   |x BARRAS DE REFUERZO  |x  BLOQUES DE HORMIGON - CONTROL DE CALIDAD  |9 477 
942 |c TFG 
999 |c 13708  |d 13708